Filtration :principles and practices (in two parts) part-I (Record no. 825058)

MARC details
000 -LEADER
fixed length control field 00622nam a2200217Ia 4500
008 - FIXED-LENGTH DATA ELEMENTS--GENERAL INFORMATION
fixed length control field 101110s9999 xx 000 0 und d
041 ## - LANGUAGE CODE
Language code of text/sound track or separate title ENGLISH
082 ## - DEWEY DECIMAL CLASSIFICATION NUMBER
Item number SR32557
100 ## - MAIN ENTRY--PERSONAL NAME
Personal name Orr Clyde
245 ## - TITLE STATEMENT
Title Filtration :principles and practices (in two parts) part-I
260 ## - PUBLICATION, DISTRIBUTION, ETC. (IMPRINT)
Date of publication, distribution, etc 1977
Name of publisher, distributor, etc Marcel Dekkar Inc, Newyork
300 ## - PHYSICAL DESCRIPTION
Extent 534
365 ## - TRADE PRICE
Price amount 3162.66
520 ## - SUMMARY, ETC.
Summary, etc Commerce
546 ## - LANGUAGE NOTE
Language note ENGLISH
630 ## - SUBJECT ADDED ENTRY--UNIFORM TITLE
Uniform title Filtration :principles and practices (in two parts) part-I
650 ## - SUBJECT ADDED ENTRY--TOPICAL TERM
Topical term or geographic name as entry element Commerce
655 ## - INDEX TERM--GENRE/FORM
Genre/form data or focus term Commerce
730 ## - ADDED ENTRY--UNIFORM TITLE
Uniform title Filtration :principles and practices (in two parts) part-I
942 ## - ADDED ENTRY ELEMENTS (KOHA)
Koha item type Book
Holdings
Withdrawn status Lost status Damaged status Not for loan Home library Current library Shelving location Date acquired Source of acquisition Cost, normal purchase price Shelving control number Total Checkouts Barcode Date last seen Price effective from Koha item type
        D. B. J. College, Chiplun D. B. J. College, Chiplun     Donated by Mr. Rajendra Salunkhe,Chiplun 3162.66     DBJSR32557 11/11/2010 11/11/2010 Book